000 00294nam a22001217a 4500
008 170623b xxu||||| |||| 00| 0 eng d
041 _aeng
080 _22ND
_a32
100 _a21
101 _aSHP
245 _aPOLITICAL OPINION AND BEHAVIOR: ESSAYS AND STUDIES
_cDREYER,E.C
942 _2udc
_cBK
999 _c18999
_d18999